[Event "Nova Odessa IRT Regional 1st"]
[Site "Nova Odessa"]
[Date "2011.08.06"]
[Round "4.7"]
[White "Silva, Alexandre Freitas"]
[Black "Gueleres, Alexandre Zaminato"]
[Result "1-0"]
[WhiteElo "1792"]
[BlackElo "1820"]
[PlyCount "54"]
[EventDate "2011.08.05"]
[EventType "swiss"]
[EventRounds "6"]
[EventCountry "BRA"]
[SourceTitle "EXT 2022"]
[Source "ChessBase"]
[SourceDate "2021.10.06"]
[SourceVersion "1"]
[SourceVersionDate "2021.10.06"]
[SourceQuality "1"]

1. e4 c5 2. Nf3 d6 3. d4 cxd4 4. Nxd4 Nf6 5. Nc3 a6 6. Be2 e6 7. f4 Be7 8. 0-0 Qc7 9. a4 Nc6 10. Kh1 0-0 11. Bf3 Nb4 12. g4 e5 13. Nf5 Bxf5 14. exf5 Rfd8 15. Qe2 e4 16. Nxe4 Nxc2 17. Be3 Nxe3 18. Qxe3 d5 19. Rfc1 Qd7 20. Ng3 Rac8 21. g5 Ne8 22. Rd1 Bc5 23. Qb3 Qc7 24. Bxd5 Rxd5 25. Qxd5 Qxf4 26. g6 hxg6 27. fxg6 Rd8 1-0